000 00388nam a2200181Ia 4500
008 151202s9999||||xx |||||||||||||| ||und||
082 _bPNVM-71336
100 _aDEAN KOONTZ
245 _aDEMON SEED.
260 _b---
260 _c71336
300 _a0
600 _aDEAN KOONTZ
630 _aDEMON SEED.
700 _aDEAN KOONTZ
730 _aDEMON SEED.
942 _cBOOK
999 _c1337874
_d1337871